Quizzes
Events
Quiz Creation
Community
Videos
Private Events
Remove Ads
Sign In
Join for FREE
Feedback
Dark Mode
Quiz Categories
Sports
Geography
Music
Movies
Television
Just For Fun
Miscellaneous
History
Literature
Language
Science
Gaming
Entertainment
Religion
Holiday
For Kids
Quiz Lab
Recent
Popular Today
Quiz Kudos Today
Editor Picks
Curator Picks
Quizzes by...
Day
Popularity
Type
Ratings
Length
Year
Community
Subscriptions
Recent Discussions
Orange Saloon
Badges
Playlists
Quests
Create
Leaderboards
Showdown
Live 5
Trivia Bingo
Activity
Puzzle Library
Sporcle Events
Private Events
Virtual Trivia
Globe League
Become a Host
Pub Owners
SporcleCon
Opinionation
Our Games
Videos
Blog
Mobile Apps
Partnerships
Remove Ads and Go Orange
Feedback
Gaming
Video Games
Board Games
Card Games
Pokémon
Mario
Nintendo
Minecraft
Console
Toys
Legend of Zelda
Gaming
Video Games
Board Games
Card Games
Pokémon
Mario
Nintendo
Minecraft
Console
Toys
Legend of Zelda
Random Quiz
Search Sporcle
×
Quiz Lab
Quiz Lab
Gaming
Fire Emblem
Type in answers that appear in a list
Type in answers that appear in a list
Classic
Best Score? Go Orange.
Fire Emblem + TRS Prf Weapons Stats
Can you name the Fire Emblem and TRS Prf Weapons
By
ZRKyurem
15m
130 Questions
236 Plays
236 Plays
236 Plays
Comments
Comments
Give Quiz Kudos
Give Quiz Kudos
-
- Ratings
hide this ad
Replay
Link that replays current quiz
Next Quiz
Link to next quiz in quiz playlist
You Got
0%
They Got
Avg Score
57%
Avg Friend Score
Upgrade to see
Score Distribution
Jump to the score distribution portion of the page
Score
0/130
Timer
15:00
0
Plays Today
Game
Weapon
% Correct
TRS
Rapier
99.1%
FE1
Falchion
97.4%
FE2
Falchion
97.4%
FE3
Falchion
97.4%
FE11
Falchion
97.4%
FE12
Falchion
97.4%
FE13
Falchion
97.4%
FE1
Rapier
96.2%
FE3
Rapier
96.2%
FE6
Rapier
96.2%
FE7
Rapier
96.2%
FE8
Rapier
96.2%
FE11
Rapier
96.2%
FE12
Rapier
96.2%
FE13
Rapier
96.2%
FE14
Yato
92.8%
FE9
Ragnell
86.8%
FE10
Ragnell
86.8%
FE14
Fujin Yumi
86.4%
FE14
Siegfried
84.7%
FE14
Raijinto
83.4%
FE13
Parallel Falchion
83%
FE1
Excalibur
82.6%
FE3
Excalibur
82.6%
FE7
Sol Katti
82.1%
FE14
Omega Yato
81.3%
FE7
Durandal
80.9%
FE7
Mani Katti
80.4%
FE9
Alondite
79.1%
FE13
Exalted Falchion
78.7%
FE14
Brynhildr
78.3%
FE7
Armads
77.9%
FE8
Sieglinde
76.6%
FE8
Siegmund
76.2%
FE13
Missiletainn
74.9%
FE14
Missiletainn
74.9%
FE1
Aura
73.6%
FE3
Aura
73.6%
FE4
Mystletainn
73.2%
FE11
Wing Spear
72.8%
FE12
Wing Spear
72.8%
FE4
Tyrfing
72.3%
FE4
Valflame
72.3%
FE7
Wolf Beil
71.1%
Game
Weapon
% Correct
FE9
Amiti
71.1%
FE9
Rolf's Bow
71.1%
FE10
Amiti
71.1%
FE4
Forseti
69.8%
FE5
Forseti
69.8%
FE6
Sword of Seals
68.5%
FE13
Noble Rapier
68.5%
FE13
Wolf Berg
68.1%
FE4
Naga
66.8%
FE4
Gae Bolg
66.4%
FE4
Mjolnir
66.4%
FE13
Grima's Truth
66%
FE10
Thani
65.5%
FE14
Alpha Yato
65.5%
FE4
Balmung
64.7%
FE7
Forblaze
63.4%
FE14
Shadow Yato
63%
FE8
Reginleif
62.6%
FE9
Regal Sword
62.6%
FE10
Cymbeline
62.6%
FE1
Imhullu
60.9%
FE3
Imhullu
60.9%
FE10
Ettard
60.9%
FE10
Florete
60.9%
FE11
Imhullu
60.9%
FE12
Imhullu
60.9%
FE14
Grim Yato
60.9%
FE6
Eckesachs
59.1%
FE4
Ichival
58.7%
FE14
Blazing Yato
58.7%
FE5
Light Brand
58.3%
FE4
Loptyr
57.9%
FE10
Tarvos
57.9%
FE1
Aum
57.4%
FE3
Aum
57.4%
FE4
Gungnir
57.4%
FE4
Helswath
55.7%
FE1
Hammerne
54%
FE3
Hammerne
54%
FE11
Hammerne
54%
FE12
Hammerne
54%
FE14
Noble Yato
54%
FE4
Valkyrie
53.6%
FE9
Gurgurant
53.6%
Game
Weapon
% Correct
FE10
Caladbolg
53.2%
FE14
Bolverk
53.2%
FE8
Naglfar
50.2%
FE7
Ereshkigal
48.5%
FE5
Earth Sword
46.4%
FE10
Creiddylad
46.4%
FE5
Brave Lance
45.5%
FE10
Lughnasadh
45.5%
FE5
Darkness Sword
44.7%
FE5
Pugi
43.8%
FE1
Miracle
42.1%
TRS
Warp
41.2%
FE5
Beo Sword
40%
FE3
Thief
38.3%
FE5
Thief
38.3%
FE3
Rescue
37%
FE5
Dime Thunder
35.9%
FE5
Grafcalibur
34%
FE5
Blaggi Sword
32.8%
FE5
Kia
32.3%
FE5
Unlock
29.8%
FE5
Loptyr Sword
28.9%
FE5
Holy Sword
28.5%
FE5
Repair
26.4%
FE5
Dragonpike
26%
TRS
Starlight
17.5%
TRS
Silence
17.5%
TRS
Dullahan
13.2%
TRS
Sunflame
12.3%
TRS
Schramm
10.5%
TRS
Varunastra
10.5%
TRS
Aura Rain
10.5%
TRS
Agneyastra
9.6%
TRS
Brenthunder
9.6%
TRS
Defense
9.6%
TRS
Wundergust
8.8%
TRS
Magic
8.8%
TRS
Bhaumastra
7.9%
TRS
Strength
7.9%
TRS
Exorcise
7.9%
TRS
Vayuvayastra
7%
TRS
Zahhak
7%
Quiz Playlist
Details
Report
Send in Message
Add To Playlist
Classic:
Type in answers that appear in a list
Last Updated: Feb 19, 2017
Quiz Scoreboard
CHALLENGE
Sign Up to Join the Scoreboard
Show All
Scores
Hide
Comments
May contain spoilers
Recently Published
An Introduction to Baseball
by treessimontrees
Sports
5m
Movies - When Are They Set?
by FPL_Elf
Movies
5m
Popular People in 1961
by mucciniale
History
6m
More to Explore
Quiz From the Vault
Featured Blog Post
Where Did the Easter Bunny Come From?
hide this ad
You Might Also Like...
Tags
Fire Emblem
Today's Top Quizzes in Gaming
Browse Gaming
hide this ad
Today's Top Quizzes in Fire Emblem
Browse Fire Emblem
Top Contributed Quizzes in Gaming
1
5-to-1: Consoles
2
Destiny 2 exotic weapons by perk icons
3
7-to-1: Board Game Piece Blitz
4
5-to-1: Legend of Zelda
5
Ultimate Genshin Impact Logic Puzzle (up to 4.3)
6
Franchise by Action Figure
7
Overwatch Logic Puzzle
8
Who's on the WWE 2K24 Cover?
9
Genshin Impact Logic Puzzle Quiz
10
Windmill: Pokémon
Explore More
Trending Topics
Disney
Harry Potter
Anime
Marvel
Kpop
NBA
Crossword
The Office
Song
NFL
WWE
Puzzle
Soccer
Country
Pokémon
hide this ad
More By:
ZRKyurem
Quiz
Plays
Rating
Category
Featured
Created
Fire Emblem + TRS Prf Weapons
236
5.00
Gaming
Jul 2, 2016
Fire Emblem 11 Death Quotes
172
Gaming
Feb 26, 2017
Fire Emblem Archanea Characters By Quote
110
Gaming
Feb 28, 2017
Fire Emblem 12 Death Quotes
106
Gaming
Feb 27, 2017
TearRing Saga playable characters
74
5.00
Gaming
Dec 17, 2016
Go to Creator's Profile
Score Distribution
Quiz Creator Spotlight
ZRKyurem
Follow
Send a Message
Quizzes Created
-
Created Quiz Play Count
-
More By This Creator
Popular Quizzes Today
1
Find the Countries of Europe - No Outlines Minefield
2
Find the US States - No Outlines Minefield
3
The Countries of the World
4
Popular People in 1961
5
Find the US States
6
US States
7
1-10 Letter E Words III
8
Risky Map Clicking: Biggest States A-Z
More Gaming Quizzes
Click the 'N' Pokémon
Quiz Lab
Trending Quizzes
Risky Map Clicking: Least Populous States A-Z
1-10 Letter F Words
1-10 Letter G Words
One Thing in Common: United Kingdom
Risky Map Clicking: Next State Alphabetically
Recently Updated
Leaping Animals
pecheneg
Reality TV Shows (A-Z)
bhenderson79
Rickey Henderson's Hall of Fame Teammates
pecheneg
Champions League XIs: Arsenal
pecheneg
Quick Pick: Celebrities in WWE's Hall of Fame
aduchscher
A-Z Keypad Blitz II
pecheneg
Multiple Oscar Actors
pecheneg
Mystery Phrase Blitz: Oscar 'Best Actors'
pecheneg
F. Scott Fitzgerald Novels
LTH
Pick 3 Villains
ddd62291
Trending Topics
Anime
Kpop
Harry Potter
NBA
Crossword
Marvel
Disney
Country
Pokémon
Soccer
Puzzle
WWE
Song
The Office
NFL
Your Account Isn't Verified!
In order to create a playlist on Sporcle, you need to verify the email address you used during registration. Go to your
Sporcle Settings
to finish the process.
Report this User
Report this user for behavior that violates our
Community Guidelines
.
Details:
Send Report
Go to the Sporcle.com Mobile Site →
Comments